000 00548nam a2200181Ia 4500
008 151018s9999 xx 000 0 und d
082 _bRBASDV16423
_a891.463
100 _aरमेश मंत्री
245 _aमहानगर
250 _b1
260 _bमॅजेस्टीक प्रकाशन मुंबई
_c1966
300 _a261
600 _aरमेश मंत्री
630 _aमहानगर
700 _aरमेश मंत्री
730 _aमहानगर
942 _cBOOK
999 _c1017137
_d1017134